01255dam#a2200241 45000010014000000030004000140050017000180060019000350070015000540080041000690200018001100400018001281000037001462450052001832500018002352600013002532640048002663000022003143360026003363370026003625200574003888560051009629781456224097VST20250425090629.0m o d cr#un#---uucau140318s2014 MEX eng d a9781456224097 aVSTcVSTdVST1 aDemóstenes Rojas Riscoeauthor10aRedacción comercial estructurada, 6th Edition asixth edition aMexico : 1aMexico :bMcGraw-Hill Interamericana,c2014 a1 online resource atextbtxt2rdacontent acomputerbc2rdamedia aLa comunicación moderna exige objetivos que respondan a la naturaleza de los intereses empresariales. Por ello, a continuación relacionamos algunos de especial prioridad: 1. Comunicar al lector decisiones, ideas, problemas o soluciones. 2. Comunicar las acciones que se puedan realizar para una coordinación efi caz. 3. Persuadir al lector para obtener de él una actitud y respuesta positivas. 4. Mantener al lector constantemente informado. 5. Crear, mantener y recobrar la "buena voluntad". 6. Promover el mensaje moderno, acorde con las nuevas tecnologías.40uhttps://resolver.vitalsource.com/9781456224097